000 00553nam a2200193Ia 4500
003 OSt
005 20201207134725.0
008 190216s9999||||xx |||||||||||||| ||und||
020 _a9788173195662
040 _coclc
082 _a547.308
_bMOH/O
100 _aMohan, Jag
_94099
245 0 _aOrganic Spectroscopy Principles And Applications /
_cJag Mohan
250 _a2nd Ed.
260 _bNarosa Pubs House,
_c2014.
_aNew Delhi:
300 _a548p
650 _aChemistry
942 _cBK
_2ddc
_h547.308
_iMOH/O
_k547.308
_mMOH/O
999 _c3704
_d3704